Memotec : memòria tècnica de les actuacions del Servei de Projectes, Obres i Manteniment memòria tècnica de les actuacions del Servei de Projectes, Obres i Manteniment
MARC
| LEADER | 00000nam a2200000Ia 4500 | ||
|---|---|---|---|
| 001 | 11003, 11470, 13088, 13089, 13091, 13090 | ||
| 008 | 160829s1995 - xx 000 0 cat d | ||
| 080 | |a C-1-205, C-2-3, S-1-235, S-1-236, S-1-238, S-1-237 | ||
| 110 | 1 | |a Barcelona (Catalunya : Província). |b Servei de Projectes, Obres i Manteniment |9 54367 | |
| 245 | |a Memotec : |b memòria tècnica de les actuacions del Servei de Projectes, Obres i Manteniment | ||
| 260 | |a Barcelona : |b Servei de Projectes, Obres i Manteniment, |c 1995- | ||
| 300 | |a 30 cm | ||
| 590 | |a Conté les obres realitzades a la Universitat Industrial, Casa Maternitat, Llars Mundet, Recinte Torribera i altres institucions. | ||
| 590 | |a Anterior a l'any 1999, aquest Servei portava el nom de Servei de Construccions Civils. | ||
| 610 | 1 | 0 | |9 54367 |a Barcelona (Catalunya : Província). |b Servei de Projectes, Obres i Manteniment |
| 610 | 1 | 0 | |a Barcelona (Catalunya : Província). |b Diputació |v Revistes |9 54166 |
| 650 | |a Edificis |x Barcelona |x Conservació i restauració |9 37397 | ||
| 866 | |a 1994, 1995, 1996, 1997, 1998, 1999 | ||
| 901 | |a Arxiu | ||
| 942 | |n 1 |2 udc | ||
| 952 | |0 0 |1 0 |4 0 |6 C1205_C23_S1235_S1236_S1238_S1237 |7 1 |9 47842 |a Arxiu |b Arxiu |d 2016-12-01 |l 0 |o C-1-205, C-2-3, S-1-235, S-1-236, S-1-238, S-1-237 |p 11003, 11470, 13088, |r 2016-12-01 00:00:00 |w 2016-12-01 |y ARXIU | ||
| 952 | |0 0 |1 0 |4 0 |6 PDL |7 1 |9 63753 |a Arxiu |b Arxiu |d 2022-09-05 |h 1995 |l 0 |o PDL |p 26673 |r 2022-09-05 00:00:00 |w 2022-09-05 |y ARXIU | ||
| 999 | |c 51641 |d 51641 | ||